| 000 | 00495nam a2200193Ia 4500 | ||
|---|---|---|---|
| 003 | 0OSt | ||
| 005 | 20260130131545.0 | ||
| 008 | 240810s9999 xx 000 0 und d | ||
| 020 | _a0244-7827 | ||
| 040 |
_aBiblioteca Geral-Universidade LusÃada de Angola _cBULA |
||
| 082 |
_m9(1) _a32(6) |
||
| 100 |
_aBUSH,George , W _9984 |
||
| 245 | 0 | _aPolitique Africaine | |
| 260 |
_aParis, _bKarthala _c2001. |
||
| 300 | _a216p | ||
| 650 | _aPolitica | ||
| 700 | _aGeorge W.Bush | ||
| 942 |
_cLivros _2ddc |
||
| 999 |
_c579 _d579 |
||